000 00809nam a2200205 i 4500
001 158662
003 ES-MaACL
005 20230906211248.0
008 940301s1891 sp |||| | spa d
040 _aAS
_bspa
100 0 _aManzoni, Alessandro.
_976238
245 1 0 _aTragedias, poesías y obras varias de Alejandro Manzoni /
_ctraducidas directamente del italiano por Federico Baráibar y Zumárraga.
260 _aMadrid :
_bLibrería de la Viuda de Hernando y C\sa\p,
_c1891 (
_fEst. tip. Suc. de Rivadeneyra)
300 _a2 v. (XLVII, 338; 401 p.) ;
_c18 cm.
490 1 _aBiblioteca clásica ;
_v150, 151
700 1 _aBaráibar y Zumárraga, Federico.
_925291
830 0 _aBiblioteca clásica ;
_v150, 151
_9180370
852 _aES-MaACL
_jF-13148-49
_z-- Enc. tela
999 _c158662
_d158662